Highlights - Kanye West (All Lyrics) - Statistics

General Stats
  • This quiz has been taken 11 times
  • The average score is 372 of 549
Answer Stats
Hint Answer % Correct
a
100%
an
100%
And
100%
and
100%
be
100%
bitch
100%
ever
100%
first
100%
friends
100%
he
100%
[Intro] High
100%
High,
100%
high,
100%
hit
100%
I
100%
(I
100%
If
100%
if
100%
I'm
100%
(I'm
100%
is
100%
it
100%
J
100%
[Kelly Prince] light
100%
love
100%
me
100%
new
100%
on
100%
[Kanye West] only
100%
Only
100%
pro,
100%
problem
100%
Ray
100%
rich
100%
rich,
100%
rich),
100%
same
100%
[Young Thug] Tell
100%
tell
100%
to
100%
[Chorus] | [Chrous] We
100%
[Kanye West] we
100%
(We
100%
Yeah,
100%
[Kanye West] bet
88%
every
88%
family
88%
highlight
88%
Highlight
88%
(Highlight)
88%
(Highlight,
88%
highlight)
88%
highlights
88%
Highlights
88%
(Highlights)
88%
highlights)
88%
in
88%
Jacksons,
88%
my
88%
shit
88%
So
88%
some
88%
superstar
88%
the
88%
would
88%
would,
88%
ain't
75%
back
75%
back,
75%
back!)
75%
bad
75%
Bad
75%
Diddy
75%
die
75%
freak
75%
go
75%
Grammys,
75%
head
75%
idiot
75%
know
75%
life
75%
[Kanye West] life,
75%
like
75%
[Young Thug] makin'
75%
need
75%
no
75%
no,
75%
one
75%
[Bridge] One
75%
son
75%
talk
75%
That
75%
that
75%
time?
75%
time
75%
21
63%
about
63%
Equinox
63%
for
63%
her
63%
mo
63%
not
63%
oh
63%
(Oh,
63%
Oh,
63%
oh,
63%
(Oh
63%
'til
63%
up
63%
when
63%
action
50%
all
50%
baby
50%
baby,
50%
bust
50%
could
50%
dick
50%
everybody
50%
got
50%
Got
50%
have
50%
Livin'
50%
livin',
50%
making
50%
marathon
50%
might
50%
now
50%
open
50%
or
50%
past
50%
[Young Thug] play
50%
really
50%
right
50%
she
50%
She
50%
slow
50%
(Slow
50%
town
50%
town,
50%
Two
50%
Walkin',
50%
want
50%
want?
50%
whole
50%
wish
50%
you
50%
You
50%
Bridget
38%
[Verse 1] Can
38%
'cause
38%
check
38%
Christian,
38%
coach's
38%
gon'
38%
had
38%
I'ma
38%
lit
38%
mama,
38%
mama
38%
x4 | x5 nah)
38%
nigga
38%
night,
38%
night
38%
religious
38%
Rob
38%
Sometimes,
38%
spent
38%
think
38%
times
38%
trenches,
38%
weight
38%
well
38%
wishin'
38%
Yeezus
38%
Advice
25%
amateur
25%
another
25%
Blac
25%
Christians
25%
Chyna
25%
city
25%
Even
25%
even
25%
gettin'
25%
girl
25%
GoPro
25%
helped
25%
impregnate
25%
Islam
25%
just
25%
kick
25%
killed
25%
Lord
25%
Lord,
25%
motion)
25%
motion,
25%
niggas:
25%
pack,
25%
paradigm,
25%
shift
25%
should
25%
six
25%
they
25%
this
25%
though
25%
Uh
25%
uh
25%
Uh,
25%
video;
25%
wanna
25%
what
25%
What
25%
with
25%
after
13%
[Kanye West] as
13%
believe
13%
breathin'
13%
Farrakhan,
13%
fuckin'
13%
god,
13%
God,
13%
gotta
13%
hah?
13%
Hard
13%
him
13%
huh?
13%
lil'
13%
make
13%
(Ohh,
13%
overate
13%
R&B
13%
shot
13%
your
13%
boss
0%
Dying
0%
Fruit
0%
heh?
0%
heh,
0%
of
0%
Sound
0%
sunlight
0%
trainer
0%
turn
0%
vacay,
0%
No matching quizzes found
Score Distribution
Percent of People with Each Score
Percentile by Number Answered
Your Score History
You have not taken this quiz